| 000 | 00505nam a22001697a 4500 | ||
|---|---|---|---|
| 005 | 20251108164740.0 | ||
| 008 | 250721s1975 xx 000 0 ara d | ||
| 082 | 1 | 4 | _a810.9/شلق |
| 100 | 1 | _aشلق، علي | |
| 245 | 1 | 0 |
_aنقاط التطور في الأدب العربي : _bدراسة تحليلية / |
| 264 | 1 |
_aبيروت : _bدار القلم، _c1975. |
|
| 300 | _a679 ص. | ||
| 650 | 1 | 7 | _aالأدب العربي |
| 650 | 1 | 7 | _aالنقد الأدبي |
| 942 |
_2ddc _cBK |
||
| 999 |
_c13418 _d13418 |
||